Statistics for Largest Cities in New England on a Map

Click here to take the quiz!

General Stats

  • This quiz has been taken 980 times
    (944 since last reset)
  • The average score is 10 of 15

Answers on the Map

Answers color-coded by a green-red scale on the quiz's map according to % correct below.
 

Answer Stats

CityPopulation% Correct
Boston694,784
100%
Providence179,870
94%
Hartford121,365
91%
New Haven129,694
82%
Manchester111,826
79%
Worcester184,559
75%
Springfield153,465
73%
Bridgeport142,474
70%
Cambridge113,036
65%
Stamford131,216
59%
Lowell110,264
57%
Quincy94,366
47%
New Bedford95,203
46%
Waterbury106,748
37%
Brockton96,539
35%

Score Distribution

Percentile by Number Answered

Percent of People with Each Score

Your Score History

You have not taken this quiz since the last reset